01114nam a22003135i 4500999001900000001000900019003000500028005001700033008004100050010001700091020004400108020004100152038001100193040002300204042000800227082001600235245017300251250001700424263000900441264003300450300001300483336002100496337002500517338002300542490006200565906004500627942001200672952011600684 c526998d52699818219889NUST20190718070839.0140710s2014 nyu 000 0 eng  a 2014945568 a9783662444900 (soft cover : alk. paper) a3662444909 (soft cover : alk. paper) aArshad aDLCbengerdacDLC apcc a004.22bMIS00aAdvanced computer architecture :b10th Annual Conference, ACA 2014, Shenyang, China, August 23-24, 2014. Proceedings /c[edited by] Junjie Wu, Haibo Chen, Xingwei Wang. a1st edition. a1409 1aNew York :bSpringer,c2014. apages cm atext2rdacontent aunmediated2rdamedia avolume2rdacarrier0 aCommunications in computer and information science ;v451 a0bibccorignewd2eepcnf20gy-gencatlg 2ddccBK 00102ddc4070aNQCbNQCcCARTd2019-07-18ePurchasedg0.00l0o004.22 MISpQ-3r2019-07-18t1w2019-07-18yBK